01466cam a2200349 i 4500001000900000003000900009005001700018008004100035020001500076020001800091040003300109082002300142110007500165245028000240264005400520264001000574300004500584336002600629337002800655338002700683504005100710650004700761653002800808655001700836700004500853700003500898942001200933998001400945998002500959999001700984952011501001183063IPEG-ScBUE20260414153108.0950327t1995 dcua f b 001 0 eng d a0841230625 a9780841230620 aDLCbengerdacDLCdEG-ScBUE04222a574.19214bMEC2 aAmerican Chemical Society.bMeeting.n(205th :d1993 :cDenver, Colo.)10aMechanistic bioinorganic chemistry /c[editors] H. Holden Thorp, Vincent L. Pecoraro ; developed from a symposium sponsored by the Division of Inorganic Chemistry, Inc., at the 205th National Meeting of the American Chemical Society, Denver, Colorado, March 28-April 2, 1993. 1aWashington : bAmerican Chemical Society,c[1995] 4cc1995 axii, 505 pages :billustrations ;c24 cm 2rdacontentatextbtxt aunmediated2rdamediabn avolumebnc2rdacarrier aIncludes bibliographical references and index. 7aBioinorganic chemistryxCongresses.2BUEsh bGGENbENGCHEcMarch2018 vReading book1 aThorp, H. Holden,d1964-eeditor.9381241 aPecoraro, Vincent L.,eeditor. 2ddccBB c3/15/1996 b1/25/1996c1/25/1996 c26244d26216 00102ddc4070aMAINbMAINc1STd2018-03-05l0o574.19214 MECp000047348r2025-07-15 00:00:00w2018-03-05yBB